Peněžní příjmy společně hospodařících domácností podle počtu závislých dětí v ČSFR v roce 1988.
Súčasť informácií o základných výsledkoch mikrocenzu 1989. Štatistické údaje o peňažných príjmoch spoločne hospodáriacich domácností. Domácnosti podľa počtu detí a počtu ekonomicky aktívnych členov, ako i podľa typu domácností a výšky príjmov.
Uložené v:
| Hlavný autor: | |
|---|---|
| Ďalší autori: | |
| Médium: | Kapitola |
| Jazyk: | Czech |
| Predmet: | |
| Tagy: |
Žiadne tagy, Buďte prvý, kto otaguje tento záznam!
|
MARC
| LEADER | 00000naa a2200000 4500 | ||
|---|---|---|---|
| 001 | r002201 | ||
| 005 | 20220819181016.7 | ||
| 041 | 0 | |a cze | |
| 044 | |a [CS] | ||
| 245 | 1 | 0 | |a Peněžní příjmy společně hospodařících domácností podle počtu závislých dětí v ČSFR v roce 1988. |c D. Rýdl, J. Vytlačil |
| 520 | |a Súčasť informácií o základných výsledkoch mikrocenzu 1989. Štatistické údaje o peňažných príjmoch spoločne hospodáriacich domácností. Domácnosti podľa počtu detí a počtu ekonomicky aktívnych členov, ako i podľa typu domácností a výšky príjmov. | ||
| 610 | 2 | 0 | |a domácnosti |
| 610 | 2 | 0 | |a príjmy rodinné |
| 610 | 2 | 0 | |a príjmy osobné |
| 610 | 2 | 0 | |a ČSFR |
| 610 | 2 | 0 | |a 1988 |
| 610 | 2 | 0 | |a údaje štatistické |
| 610 | 2 | 0 | |a mikrocenzus |
| 100 | 1 | |a Rýdl, D. | |
| 700 | 1 | |a Vytlačil, J. | |